1914 1578 1520 1167 1888 1488 1386 1134 1373 1358 1874 1384 1385 1762 1402 1322 1849 1461 1399 1284 1875 1067 1162 1997 1014 1649 1788 1187 1078 1254 1577 1796 1476 1795 1886 1163 1852 1020 1433 1548 1372 1336 1229 1333 1472 1788 1164 1476 1841 1516 1350 1487 1911 1214 1526 1791 1959 1057 1650 1495 1978 1172 1866 1782 1919 1432 1979 1470 1427 1231 1447 1851 1148 1593 1298 1921 1370 1418 1741 1942 1499 1928 1293 1365 1082 1674 1618 1935 1432 1566 1616 1007 1580 1221 1625 1980 1537 1601 1305 BCNSPRNW ULIB Ver.6.0+V

เปลี่ยนเป็นภาษาไทย

Change to English
 แสดงรายละเอียดบรรณานุกรม
  กลับหน้าหลัก

Brief Record : Get Marc (ISO 2709) : E-mail record : QR code < ปิดหน้าต่าง
LEADER : 00000nam 2200000uu 4500
001    13399112873
003     ULIB
008    110914s2552||||th 000 0 tha d
020    9786115000111
090    นว.^bณ411ธ 2552
100 0  ณารา
245 00 ธาราหิมาลัย/^cณารา
250    พิมพ์ครั้งที่ 1
260    กรุงเทพฯ :^bพิมพ์คำ,^c2552
300    480 หน้า
945    ^p290^l0^i15841
995    กัณชพร
999     ^aใช้งานได้ทุกระบบ
รายการนี้ยังไม่มีแท็ก
คุณยังไม่ได้ล็อกอิน คุณสามารถมีกิจกรรมร่วมกับเว็บไซต์ได้ แต่ต้องล็อกอินก่อน ::
  ล็อกอิน

รายการสื่อสารสนเทศ

ลำดับที่ ประเภท เลขเรียก/บาร์โค้ด สถานที่ สถานะ
1. นวนิยาย
นวนิยาย
นว. ณ411ธ 2552  
  Barcode: 15841
ห้องสมุดวิทยาเขตสวรรค์ประชารักษ์
►นวนิยาย
บนชั้น
  ขอยืม

รายการใกล้เคียง
    ผู้แต่ง [ณารา]

BibComment


ยังไม่เคยถูกคอมเมนท์

คอมเมนท์ทรัพยากรรายการนี้
  คอมเมนท์: ธาราหิมาลัย ณารา


 Copyright 2026. Bcnsprnw @Library